Estado mundial de la infancia 1990

Saved in:
書目詳細資料
主要作者: Grant, James P (Author)
格式: 圖書
語言:西班牙语
出版: Barcelona UNICEF 1990
主題:
標簽: 添加標簽
沒有標簽, 成為第一個標記此記錄!

MARC

LEADER 00000nam a2200000 a 4500
001 UCT5947
003 CL-VaPUC
008 961223e19900000SP |||||||||||||||||spa|d
082 0 4 |a 362.7  |b GRA  |2 21 
100 |a Grant, James P  |e author  |9 375582 
245 1 0 |a Estado mundial de la infancia 1990 
300 |a 102 p 
942 |c BK 
945 |d 19961223 00:00:00  |a rleighto 
260 |a Barcelona  |b UNICEF  |c 1990 
650 0 |a Niños  |9 255605 
650 0 |a Condiciones sociales   |9 257278 
650 7 |a INFANCIA  |2 CL-VaPUC  |9 375583 
650 0 |a Salud infantil  |9 369902 
650 0 |a Trabajo social   |9 307856 
650 0 |a Bienestar social   |9 255298 
650 7 |a BIENESTAR INFANTIL  |2 CL-VaPUC  |9 308613 
583 |a last modification  |c 19961223 00:00:00  |k Rodrigo Vera 
999 |c 254714  |d 254712 
952 |0 0  |1 0  |4 0  |6 362_700000000000000_GRA_1990  |7 0  |8 A  |9 276572  |a BIBGIM  |b BIBGIM  |d 2019-11-19  |i 3264157  |o 362.7 GRA 1990  |p 3264157  |r 2025-01-15  |w 2019-11-19  |y BK  |k SSL